000 00576nam a2200193 u 4500
005 20240314063635.0
008 080404s1992 mx r 000 0 spa d
020 _a906290508
035 _aUPN01000155247
049 _aI
050 4 _aPZ7
_bB8.2
100 1 _aBurton, Virginia Lee
245 1 3 _aLa casita /
_ctexto e il. Virginia Lee Burton ; tr. María Elena Herrera.
260 _aMéxico :
_bSITESA
_c1992.
300 _a40 p. :
_bil. col.
650 4 _aCuentos infantiles estadounidenses
_910762
650 4 _aLibros y lectura para niños
_92290
905 _aInfantil
999 _c127363
_d127363